000 00622nam a2200193Ia 4500
003 GCL
008 140319s9999 xx 000 0 ara d
040 _aGCL /
_cGCL
082 0 4 _a810.8031
_bم ف
100 1 _aمحمد احمد العزب
245 1 0 _aفى الفكر الاسلامى من الوجهه الادبية /
_cمحمد احمد العزب
260 _aالقاهرة :
_bالمجلس الاعلى للثقافة ،
_c1983
300 _a2950 ص ؛
_c19 سم
490 _a
650 0 4 _aالادب العربى
650 0 4 _aالفن والادب
650 0 4 _aتاريخ ونقد
942 _2ddc
_cBK
999 _c56174
_d56174